| 000 | 00938na a2200289 4500 | ||
|---|---|---|---|
| 001 | 19498 | ||
| 003 | MIRAKIL | ||
| 005 | 20181213155108.0 | ||
| 008 | 161215b tu 000 0 | ||
| 035 | _a19498 | ||
| 040 |
_aMilas _btur _cTR-AnCHP |
||
| 041 | _atur | ||
| 082 |
_aCHP 364.131 _bS58 [1993] |
||
| 090 | _aCHP 364.131 S58 [1993] | ||
| 245 |
_aSivas katliamı ve gerçekler _chazırlayan CHP |
||
| 260 |
_aAnkara _bCHP _c[1993] |
||
| 300 |
_a78 s. _c19 sm. |
||
| 440 | _aCumhuriyet Halk Partisi yayınları | ||
| 505 | _aSivas katliamı ve hükümet - Sivas katliamı ve CHP - Basında Sivas katliamı - CHP Sivas İl Örgütü raporu | ||
| 610 |
_aCHP _xSivas Katliamı, 1993 |
||
| 650 |
_aSiyasal suçlar _xSivas Katliamı, 1993 _zTürkiye |
||
| 650 |
_aİslam ve siyaset _zTürkiye |
||
| 650 |
_aMadımak Oteli _xTarih |
||
| 651 |
_aSivas _xToplumsal olaylar _yTarih |
||
| 830 | _aCHP yayınları | ||
| 942 |
_2ddc _cBKS |
||
| 999 |
_c6469 _d6469 |
||